000 00540nam a2200193Ia 4500
005 20250326144949.0
008 250326s9999 xx 000 0 und d
020 _a81-224-0681-5
037 _aTextbook
040 _aFMSL
_beng
_cFMSL
041 _aeng
_2eng
084 _aX651.44 N5
_qFMSL
100 _aMachiraju H R
245 0 _aWorking of stock exchanges in India
_cMachiraju H R
260 _aNew Delhi
_bNew Delhi, Wiley Eastern
_c1995
300 _a278p
942 _cTB
_hX651.44 N5
999 _c1305824
_d1305824